| 000 | 00541nam a22001817a 4500 | ||
|---|---|---|---|
| 999 |
_c174627 _d174627 |
||
| 005 | 20200626105003.0 | ||
| 010 | _aENG-128243 | ||
| 020 |
_c300.00 _a9789382318023 |
||
| 035 | _aEN-111775 | ||
| 037 | _bDBAD/PUB | ||
| 082 | _a488 | ||
| 100 | _aSharma,Sneh Lata | ||
| 245 |
_aTargeting Precision/ _cby Sneh Lata Sharma _ba compendium of English usage: |
||
| 260 |
_aNew Delhi _bSuryaprabha _c2014 |
||
| 270 |
_a2/9,Ansari Road, Darya Ganj _bNew Delhi _e110086 |
||
| 300 |
_a160p. _c23cm(pbk) |
||
| 942 |
_2ddc _cEN _h488 _mSHA |
||